| 000 | 02506nam0a2200397 4500 | ||
|---|---|---|---|
| 001 | RU\NLR\bibl\1010553 | ||
| 005 | 20260405115534.0 | ||
| 010 |
_a5-16-002036-5 _92000 |
||
| 021 |
_aRU _b2006-61842 _93082 |
||
| 035 | _a(NLR Aleph) 000998186 | ||
| 090 |
_a561761 _c561761 |
||
| 100 | _a20061117d2007 |||y0rusy50 ca | ||
| 101 | 0 | _arus | |
| 102 | _aRU | ||
| 105 | _aa ||||||||| | ||
| 200 | 1 |
_aУправление предприятием (фирмой) с использованием информационных систем _eучебное пособие _eдля студентов высших учебных заведений обучающихся по экономическим специальностям _fА. В. Никитин, И. А. Рачковская, И. В. Савченко _gМГУ им. М. В. Ломоносова, Экон. фак. |
|
| 210 |
_aМосква _cИНФРА-М _cНациональный фонд подготовки кадров _d2007 [т. е. 2006] |
||
| 215 |
_a186, [1] с. _cил. _d22 |
||
| 225 | 1 | _aУчебники экономического факультета МГУ им. М. В. Ломоносова | |
| 300 | _a250-летию МГУ им. М. В. Ломоносова посвящается | ||
| 300 | _aКн. фактически изд. в 2006 г. | ||
| 320 | _aБиблиогр. в конце глав и в подстроч. примеч. | ||
| 606 | 1 |
_aПредприятия _jУчебные издания для высших учебных заведений _xУправление _xИнформационное обеспечение _92270576 _3RU\NLR\auth\661360923 |
|
| 606 | 1 |
_aФирмы _jУчебные издания для высших учебных заведений _xУправление _xИнформационное обеспечение _92261122 _3RU\NLR\auth\661355724 |
|
| 686 | _aУ21(2)91ф.я73 | ||
| 686 | _aУ21(2)91в612я73 | ||
| 700 | 1 |
_4070 _8rus _7ca _aНикитин _bА. В. _cканд. физ.-мат. наук _gАндрей Вячеславович _3RU\NLR\AUTH\7745899 _928834 |
|
| 701 | 1 |
_4070 _8rus _7ca _aРачковская _bИ. А. _gИрина Аркадьевна _3RU\NLR\AUTH\7745903 _928838 |
|
| 701 | 1 |
_4070 _8rus _7ca _aСавченко _bИ. В. _f1961- _gИрина Валерьевна _3RU\NLR\AUTH\7745904 _928839 |
|
| 801 | 0 |
_aRU _bNLR _c20061117 _grcr |
|
| 801 | 1 |
_aRU _bNLR _c20061117 |
|
| 830 | _aавт. по кн. | ||
| 942 | _cBOOK | ||
| 980 | _aNB | ||